Central Library OPAC University of Rajshahi

A history of Anglo-Soviet relations / (Record no. 46671)

MARC details
000 -LEADER
fixed length control field 00985nam a2200265 a 4500
001 - CONTROL NUMBER
control field 46671
003 - CONTROL NUMBER IDENTIFIER
rucl marc code BD-RjUL
005 - DATE AND TIME OF LATEST TRANSACTION
control field 20211209054204.0
008 - FIXED-LENGTH DATA ELEMENTS--GENERAL INFORMATION
fixed length control field 160803s1945 enk b 001 0 eng d
035 ## - SYSTEM CONTROL NUMBER
System control number (BD-RjUL) 46790
040 ## - CATALOGING SOURCE
Original cataloging agency AFU
Transcribing agency AFU
Modifying agency m/c
-- RCD
-- BD-RjUL
Language of cataloging eng
041 ## - LANGUAGE CODE
Language code of text/sound track or separate title eng
082 ## - DEWEY DECIMAL CLASSIFICATION NUMBER
Edition number 23
Classification number 327.420947
Author mark and year COH 1945
100 1# - MAIN ENTRY--PERSONAL NAME
Personal name Coates, W. P.
Fuller form of name (William Peyton)
9 (RLIN) 142289
245 12 - TITLE STATEMENT
Title A history of Anglo-Soviet relations /
Statement of responsibility, etc. W. P. and Zelda K. Coates, with a foreword by the Right Hon. David Lloyd George.
260 ## - PUBLICATION, DISTRIBUTION, ETC. (IMPRINT)
Place of publication, distribution, etc. London :
Name of publisher, distributor, etc. Lawrence & Wishart,
Date of publication, distribution, etc. 1945
300 ## - PHYSICAL DESCRIPTION
Pagination xvi, 816 p. :
Illustrations ill. ;
Size 22 cm.
500 ## - GENERAL NOTE
General note "First published 1944; reprinted 1944 ... 1945."
504 ## - BIBLIOGRAPHY, ETC. NOTE
Bibliography, etc Bibliographical footnotes and index.
651 #0 - SUBJECT ADDED ENTRY--GEOGRAPHIC NAME
Geographic name Great Britain
General subdivision Foreign relations
Geographic subdivision Soviet Union.
9 (RLIN) 142290
Geographic name Soviet Union
General subdivision Foreign relations
Geographic subdivision Great Britain.
9 (RLIN) 142291
700 1# - ADDED ENTRY--PERSONAL NAME
Personal name Coates, Zelda K.
Fuller form of name (Zelda Kahan),
Dates associated with a name 1886-1969.
942 ## - ADDED ENTRY ELEMENTS (KOHA)
Source of classification or shelving scheme Dewey Decimal Classification
Koha item type Books
949 ## - LOCAL PROCESSING INFORMATION (OCLC)
a MYGD
Holdings
Lost status Source of classification or shelving scheme Damaged status Not for loan Collection code Permanent Location Current Location Shelving location Date acquired Source of acquisition Cost, normal purchase price Total Checkouts Full call number Date last seen Copy number Koha item type
  Dewey Decimal Classification     Non-fiction Central Library, University of Rajshahi Central Library, University of Rajshahi   09/11/1961 Anwar IqbalQurasi, Karachi 23.20   327.420947 COH 1945 03/08/2016 C-2 Books